[Event "CFriend AR-2004-F-00004 email"]
[Site "Chessfriend.com"]
[Date "2005.07.08"]
[Round "1"]
[White "Zeihen, Pascal"]
[Black "Thiemann, Frank"]
[Result "1-0"]
[WhiteElo "2294"]
[BlackElo "1778"]
[PlyCount "23"]
[EventDate "2005.??.??"]
[EventType "tourn (corr)"]
[EventRounds "6"]
[SourceTitle "Corr 2024"]
[Source "ChessBase"]
[SourceDate "2023.10.19"]
[SourceVersion "1"]
[SourceVersionDate "2023.10.19"]
[SourceQuality "1"]

1. e4 c5 2. Nf3 Nc6 3. Bb5 g6 4. 0-0 Bg7 5. c3 e5 6. d4 cxd4 7. cxd4 Nxd4 8. Nxd4 exd4 9. Bf4 Qb6 10. Na3 Qf6 11. Qd2 Ne7 12. Nc4 1-0

[Event "CFriend AK-2005-A-00007 email"]
[Site "Chessfriend.com"]
[Date "2005.04.25"]
[Round "1"]
[White "Mueller Alves, Martin"]
[Black "Thiemann, Frank"]
[Result "1-0"]
[WhiteElo "2194"]
[BlackElo "1778"]
[PlyCount "47"]
[EventDate "2005.??.??"]
[EventType "tourn (corr)"]
[EventRounds "6"]
[SourceTitle "Corr 2024"]
[Source "ChessBase"]
[SourceDate "2023.10.19"]
[SourceVersion "1"]
[SourceVersionDate "2023.10.19"]
[SourceQuality "1"]

1. e4 c5 2. Nf3 d6 3. d4 cxd4 4. Nxd4 Nf6 5. Nc3 a6 6. Be3 e6 7. g4 h5 8. g5 Ng4 9. Bc1 Qb6 10. h3 Ne5 11. Be2 g6 12. f4 Nec6 13. Nb3 Qc7 14. f5 b5 15. Bf4 b4 16. Na4 exf5 17. Qd2 fxe4 18. 0-0-0 Bf5 19. Nd4 Nd7 20. Nxf5 gxf5 21. Qd5 Nde5 22. Rhf1 Rd8 23. Bxa6 Bg7 24. Bxe5 1-0

[Event "CFriend AP-2004-Q-00016 email"]
[Site "Chessfriend.com"]
[Date "2004.08.18"]
[Round "1"]
[White "Thiemann, Frank"]
[Black "Gildred, Terrence L Nick"]
[Result "0-1"]
[WhiteElo "1778"]
[BlackElo "2336"]
[PlyCount "50"]
[EventDate "2004.??.??"]
[EventType "tourn (corr)"]
[EventRounds "12"]
[SourceTitle "Corr 2024"]
[Source "ChessBase"]
[SourceDate "2023.10.19"]
[SourceVersion "1"]
[SourceVersionDate "2023.10.19"]
[SourceQuality "1"]

1. e4 c5 2. Nf3 e6 3. Nc3 Nc6 4. d4 cxd4 5. Nxd4 Nf6 6. Nxc6 bxc6 7. e5 Nd5 8. Ne4 Qc7 9. f4 Qb6 10. c4 Ne3 11. Qd3 Bb4+ 12. Bd2 Ba6 13. Bxb4 Qxb4+ 14. Kf2 Qxb2+ 15. Kxe3 Qxa1 16. Qa3 Qe1+ 17. Kf3 Qd1+ 18. Kg3 f6 19. Nd6+ Ke7 20. Ne4+ c5 21. Nxc5 Bc8 22. Ne4+ Kf7 23. Nd6+ Kg8 24. Qd3 Qxd3+ 25. Bxd3 Rb8 0-1

[Event "CFriend AP-2004-Q-00016 email"]
[Site "Chessfriend.com"]
[Date "2004.08.18"]
[Round "1"]
[White "Thiemann, Frank"]
[Black "Nava, Luigi"]
[Result "0-1"]
[WhiteElo "1778"]
[BlackElo "1871"]
[PlyCount "52"]
[EventDate "2004.??.??"]
[EventType "tourn (corr)"]
[EventRounds "12"]
[SourceTitle "Corr 2024"]
[Source "ChessBase"]
[SourceDate "2023.10.19"]
[SourceVersion "1"]
[SourceVersionDate "2023.10.19"]
[SourceQuality "1"]

1. e4 e5 2. Bc4 Nf6 3. d3 Nc6 4. Nc3 Na5 5. Qf3 Nxc4 6. dxc4 Bb4 7. Nge2 d6 8. h3 Be6 9. b3 Nd7 10. 0-0 0-0 11. Ng3 Ba5 12. Bb2 g6 13. Rad1 Qh4 14. Nd5 c6 15. Ne3 Qf4 16. Qe2 Nc5 17. Ng4 Bxg4 18. hxg4 Rfd8 19. Bc1 Qf6 20. Qe3 Bb6 21. Qg5 Qe6 22. Qh4 Rd7 23. Be3 Bd8 24. Qh6 Na6 25. f3 Be7 26. a4 Nc7 0-1

[Event "CFriend AR-2003-Q-00002 email"]
[Site "Chessfriend.com"]
[Date "2003.12.03"]
[Round "1"]
[White "Benko, Bostjan"]
[Black "Thiemann, Frank"]
[Result "1-0"]
[WhiteElo "2211"]
[BlackElo "1802"]
[PlyCount "49"]
[EventDate "2003.??.??"]
[EventType "tourn (corr)"]
[EventRounds "12"]
[SourceTitle "Corr 2008"]
[Source "ChessBase"]
[SourceDate "2008.06.24"]
[SourceVersion "1"]
[SourceVersionDate "2008.06.24"]
[SourceQuality "1"]

1. e4 c5 2. Nf3 d6 3. Bb5+ Nd7 4. d4 cxd4 5. Qxd4 Ngf6 6. Bg5 e6 7. Nc3 Be7 8. 0-0-0 0-0 9. Bxd7 Bxd7 10. Bxf6 gxf6 11. h4 b5 12. e5 d5 13. Qf4 b4 14. Qh6 Re8 15. exf6 Bxf6 16. Ng5 Bg7 17. Qxh7+ Kf8 18. Qh5 Re7 19. Ne2 Qc7 20. Nh7+ Kg8 21. Qg5 Qe5 22. Qxe7 Qxb2+ 23. Kd2 Ba4 24. Ng5 Qxc2+ 25. Ke3 1-0

[Event "CFriend AR-2003-Q-00002 email"]
[Site "Chessfriend.com"]
[Date "2003.12.03"]
[Round "1"]
[White "Taistra, Eric"]
[Black "Thiemann, Frank"]
[Result "1-0"]
[WhiteElo "2584"]
[BlackElo "1802"]
[PlyCount "71"]
[EventDate "2003.??.??"]
[EventType "tourn (corr)"]
[EventRounds "12"]
[SourceTitle "Corr 2008"]
[Source "ChessBase"]
[SourceDate "2008.06.24"]
[SourceVersion "1"]
[SourceVersionDate "2008.06.24"]
[SourceQuality "1"]

1. e4 c5 2. Nf3 e6 3. d4 cxd4 4. Nxd4 a6 5. Bd3 Qc7 6. 0-0 Nf6 7. Qe2 d6 8. c4 Be7 9. Nc3 0-0 10. Kh1 b6 11. f4 Bb7 12. e5 dxe5 13. fxe5 Nfd7 14. Bf4 Nc6 15. Nxc6 Qxc6 16. Be4 Qc7 17. Bxb7 Qxb7 18. Rad1 Qc7 19. b3 Nc5 20. b4 Nd7 21. a3 a5 22. Nb5 Qc8 23. Nd6 Qc6 24. Qg4 h5 25. Qxh5 axb4 26. Bh6 gxh6 27. Nxf7 Nxe5 28. Nxe5 Qe4 29. Rf3 Bf6 30. Nd7 Bg7 31. Rxf8+ Rxf8 32. Nxf8 Kxf8 33. axb4 Qxc4 34. Qg6 b5 35. h3 Qc8 36. Re1 1-0

[Event "CFriend AR-2003-Q-00002 email"]
[Site "Chessfriend.com"]
[Date "2003.12.03"]
[Round "1"]
[White "Thiemann, Frank"]
[Black "Siewert, Wolfgang"]
[Result "0-1"]
[WhiteElo "1802"]
[BlackElo "2261"]
[PlyCount "96"]
[EventDate "2003.??.??"]
[EventType "tourn (corr)"]
[EventRounds "12"]
[SourceTitle "Corr 2008"]
[Source "ChessBase"]
[SourceDate "2008.06.24"]
[SourceVersion "1"]
[SourceVersionDate "2008.06.24"]
[SourceQuality "1"]

1. c4 e5 2. Nc3 Bb4 3. Nd5 Be7 4. Nf3 d6 5. d4 c6 6. Nc3 Nd7 7. e4 Ngf6 8. Be2 0-0 9. 0-0 exd4 10. Nxd4 Re8 11. Re1 Ne5 12. Bf1 a6 13. a4 a5 14. b3 d5 15. exd5 Bb4 16. Bb2 cxd5 17. Nc2 Bc5 18. Nxd5 Nfg4 19. Bd4 Qh4 20. h3 Nxf2 21. Qe2 Nxh3+ 22. gxh3 Bxd4+ 23. Nxd4 Qxd4+ 24. Qf2 Be6 25. Qxd4 Nf3+ 26. Kf2 Nxd4 27. Nc7 Nc2 28. Bg2 Nxa1 29. Rxa1 Kf8 30. Nxa8 Rxa8 31. Rb1 Rd8 32. Bxb7 Rb8 33. Ba6 Bxh3 34. c5 Ke7 35. c6 Kd6 36. Bb7 Kc7 37. Re1 Be6 38. Re5 Rd8 39. Rxa5 Bxb3 40. Ra7 Be6 41. a5 Rd2+ 42. Ke3 Ra2 43. a6 h5 44. Ra8 h4 45. Rg8 g6 46. Kf4 h3 47. Rg7 h2 48. Rh7 Bd5 0-1

[Event "CFriend AR-2003-Q-00002 email"]
[Site "Chessfriend.com"]
[Date "2003.12.03"]
[Round "1"]
[White "Thiemann, Frank"]
[Black "Tenev, Toncho Spasov"]
[Result "0-1"]
[WhiteElo "1802"]
[BlackElo "2356"]
[PlyCount "24"]
[EventDate "2003.??.??"]
[EventType "tourn (corr)"]
[EventRounds "12"]
[SourceTitle "Corr 2008"]
[Source "ChessBase"]
[SourceDate "2008.06.24"]
[SourceVersion "1"]
[SourceVersionDate "2008.06.24"]
[SourceQuality "1"]

1. d4 Nf6 2. c4 e6 3. Nf3 b6 4. Nc3 Bb7 5. Bg5 Be7 6. e3 h6 7. Bh4 0-0 8. Bd3 c5 9. 0-0 Nc6 10. Bb1 cxd4 11. exd4 d5 12. Ne5 dxc4 0-1